[Event "HUN-chT 2223"]
[Site "Hungary"]
[Date "2023.02.12"]
[Round "5.8"]
[White "Pasti, Aron"]
[Black "Baranyai, Szabolcs Jr"]
[Result "1-0"]
[WhiteElo "2350"]
[BlackElo "2185"]
[PlyCount "51"]
[EventDate "2022.11.20"]
[EventType "team-tourn"]
[EventRounds "9"]
[EventCountry "HUN"]
[SourceTitle "CBM 213 Extra"]
[Source "ChessBase"]
[SourceDate "2023.05.31"]
[SourceVersion "1"]
[SourceVersionDate "2023.05.31"]
[SourceQuality "1"]
[WhiteTeam "Ajka Sentimento"]
[BlackTeam "Hetenyi Geza"]
[WhiteTeamCountry "HUN"]
[BlackTeamCountry "HUN"]

1. e4 e6 2. d4 d5 3. Nc3 Nf6 4. e5 Nfd7 5. Nce2 c5 6. c3 Nc6 7. f4 Qb6 8. Nf3 cxd4 9. Nexd4 Nc5 10. Qc2 Nxd4 11. Nxd4 Bd7 12. Be3 a5 13. a4 Qc7 14. Nb5 Bxb5 15. Bxb5+ Nd7 16. Qf2 Be7 17. Bb6 Qc8 18. f5 0-0 19. f6 gxf6 20. exf6 Nxf6 21. Qg3+ Kh8 22. Bd4 Rg8 23. Qf4 e5 24. Bxe5 Qe6 25. 0-0 Rg6 26. Bd3 1-0

[Event "Budapest-chT1 Lilienthal 1718"]
[Site "Budapest"]
[Date "2018.02.25"]
[Round "10"]
[White "Baranyai, Szabolcs Jr"]
[Black "Koczo, Kristof"]
[Result "1/2-1/2"]
[WhiteElo "2232"]
[BlackElo "2138"]
[PlyCount "89"]
[EventDate "2017.10.01"]
[EventType "team-tourn"]
[EventRounds "13"]
[EventCountry "HUN"]
[SourceTitle "EXT 2021"]
[Source "ChessBase"]
[SourceDate "2020.10.23"]
[SourceVersion "1"]
[SourceVersionDate "2020.10.23"]
[SourceQuality "1"]
[WhiteTeam "Fabulon"]
[BlackTeam "Palota Sakk"]
[WhiteTeamCountry "HUN"]
[BlackTeamCountry "HUN"]

1. d4 d5 2. c4 c6 3. cxd5 cxd5 4. Bf4 Nc6 5. Nc3 a6 6. e3 Nf6 7. Bd3 Bg4 8. Nge2 e6 9. 0-0 Nb4 10. Bb1 Be7 11. f3 Bh5 12. e4 Bg6 13. Bg3 dxe4 14. fxe4 Ng4 15. Rf3 e5 16. d5 Qb6+ 17. Kh1 a5 18. Qa4+ Kf8 19. Qb5 Qc7 20. a3 Na6 21. Nd4 Kg8 22. h3 h5 23. Nf5 Bxf5 24. Rxf5 h4 25. Bh2 Nxh2 26. Kxh2 g6 27. Rf3 Kg7 28. Ba2 Bd6 29. Kh1 Nc5 30. Raf1 Raf8 31. Qe2 f6 32. Bc4 b6 33. Nb5 Qe7 34. Nc3 Rh5 35. Qf2 Nd7 36. Nb5 Bc5 37. Qd2 Bd6 38. Qe2 Rhh8 39. Na7 Nb8 40. Nc6 Nxc6 41. dxc6 Bc7 42. Rd1 Rd8 43. Rfd3 Rxd3 44. Rxd3 Rd8 45. Rxd8 1/2-1/2

[Event "HUN-chT2 Barcza 1314"]
[Site "Hungary"]
[Date "2014.02.02"]
[Round "6"]
[White "Baranyai, Szabolcs Jr"]
[Black "Hibjan, Tamas"]
[Result "1/2-1/2"]
[WhiteElo "2242"]
[BlackElo "2205"]
[PlyCount "33"]
[EventDate "2013.09.08"]
[EventType "team-tourn"]
[EventRounds "11"]
[EventCountry "HUN"]
[SourceTitle "EXT 2016"]
[Source "ChessBase"]
[SourceDate "2015.10.08"]
[SourceVersion "1"]
[SourceVersionDate "2015.10.08"]
[SourceQuality "1"]
[WhiteTeam "Hajduszoboszlo"]
[BlackTeam "Nyiregyhaza SISE"]
[WhiteTeamCountry "HUN"]
[BlackTeamCountry "HUN"]

1. d4 Nf6 2. c4 g6 3. Nc3 Bg7 4. e4 d6 5. Be3 0-0 6. Bg5 Na6 7. Qd2 e5 8. d5 c6 9. Bd3 cxd5 10. cxd5 Nc5 11. Bc2 a5 12. Nge2 Bd7 13. 0-0 b5 14. f3 b4 15. Nd1 Bb5 16. Nf2 Qb6 17. Be3 1/2-1/2

[Event "HUN-chT2 Barcza 1314"]
[Site "Hungary"]
[Date "2013.11.03"]
[Round "4"]
[White "Baranyai, Szabolcs Jr"]
[Black "Janoska, Sandor"]
[Result "1-0"]
[WhiteElo "2242"]
[BlackElo "2108"]
[PlyCount "83"]
[EventDate "2013.09.08"]
[EventType "team-tourn"]
[EventRounds "11"]
[EventCountry "HUN"]
[SourceTitle "EXT 2016"]
[Source "ChessBase"]
[SourceDate "2015.10.08"]
[SourceVersion "1"]
[SourceVersionDate "2015.10.08"]
[SourceQuality "1"]
[WhiteTeam "Hajduszoboszlo"]
[BlackTeam "Miskolc EMSE"]
[WhiteTeamCountry "HUN"]
[BlackTeamCountry "HUN"]

1. d4 Nf6 2. c4 g6 3. Nc3 Bg7 4. e4 d6 5. Be2 0-0 6. Bg5 h6 7. Be3 Nbd7 8. Qd2 Kh7 9. f3 e5 10. d5 Ng8 11. Bd3 Nc5 12. Bc2 f5 13. Nge2 Kh8 14. b4 Na6 15. Nb5 Bd7 16. a4 b6 17. Nc1 fxe4 18. Bxe4 Bf5 19. Bxf5 gxf5 20. 0-0 Nb8 21. a5 bxa5 22. Rxa5 a6 23. Nb3 Nd7 24. Na7 Qh4 25. Qe2 e4 26. f4 Ngf6 27. g3 Qg4 28. Qf2 Qh5 29. Nc6 Rfe8 30. Nbd4 Nb6 31. Rc1 Ng4 32. Qd2 Qf7 33. Ne6 Nxe3 34. Qxe3 Nd7 35. Nxc7 Ne5 36. fxe5 Qxc7 37. e6 Rf8 38. Rf1 Kh7 39. Kg2 Qb7 40. Qf4 Be5 41. Qe3 Qg7 42. e7 1-0

[Event "Budapest-chT1 Lilienthal 1213"]
[Site "Budapest"]
[Date "2013.02.03"]
[Round "7"]
[White "Baranyai, Szabolcs Jr"]
[Black "Kormos, Adam"]
[Result "1/2-1/2"]
[WhiteElo "2223"]
[BlackElo "2227"]
[PlyCount "21"]
[EventDate "2012.09.30"]
[EventType "team-tourn"]
[EventRounds "11"]
[EventCountry "HUN"]
[SourceTitle "EXT 2019"]
[Source "ChessBase"]
[SourceDate "2018.10.10"]
[SourceVersion "1"]
[SourceVersionDate "2018.10.10"]
[SourceQuality "1"]
[WhiteTeam "Fabulon"]
[BlackTeam "Budapest EAC"]
[WhiteTeamCountry "HUN"]
[BlackTeamCountry "HUN"]

1. d4 Nf6 2. c4 g6 3. Nc3 d5 4. Nf3 Bg7 5. e3 0-0 6. Be2 b6 7. 0-0 Bb7 8. Bd2 Ne4 9. cxd5 Nxc3 10. bxc3 Qxd5 11. c4 1/2-1/2

[Event "HUN-chT2 Maroczy 1112"]
[Site "Hungary"]
[Date "2012.05.20"]
[Round "11"]
[White "Szabolcsi, Janos"]
[Black "Baranyai, Szabolcs Jr"]
[Result "1-0"]
[WhiteElo "2382"]
[BlackElo "2256"]
[PlyCount "71"]
[EventDate "2011.09.25"]
[EventType "team-tourn"]
[EventRounds "11"]
[EventCountry "HUN"]
[SourceTitle "EXT 2013"]
[Source "ChessBase"]
[SourceDate "2012.11.22"]
[SourceVersion "1"]
[SourceVersionDate "2012.11.22"]
[SourceQuality "1"]
[WhiteTeam "Maroczy"]
[BlackTeam "Hajduszoboszlo"]
[WhiteTeamCountry "HUN"]
[BlackTeamCountry "HUN"]

1. d4 d5 2. c4 c6 3. Nf3 Nf6 4. Nc3 e6 5. e3 a6 6. Qc2 c5 7. dxc5 dxc4 8. Bxc4 Bxc5 9. a3 0-0 10. b4 Be7 11. Bb2 Nc6 12. 0-0 Qc7 13. Ne4 Nxe4 14. Qxe4 f5 15. Bxe6+ Kh8 16. Qc4 Bxe6 17. Qxe6 Bf6 18. Qb3 Rae8 19. g3 Qe7 20. Rad1 Qe4 21. Bxf6 Rxf6 22. Ng5 Qe7 23. Rd5 h6 24. Nf3 Qe4 25. Nd2 Qe6 26. Rc1 Rf7 27. Rcc5 b6 28. Rc3 Kh7 29. Nf3 Rd7 30. Rxd7 Qxd7 31. Qc2 Ne7 32. Nd4 Qd5 33. Rc7 Qe5 34. Ra7 a5 35. bxa5 bxa5 36. Rb7 1-0

[Event "HUN-chT2 Maroczy 1112"]
[Site "Hungary"]
[Date "2012.04.22"]
[Round "9"]
[White "Dovzik, Juri"]
[Black "Baranyai, Szabolcs Jr"]
[Result "1/2-1/2"]
[WhiteElo "2341"]
[BlackElo "2256"]
[PlyCount "58"]
[EventDate "2011.09.25"]
[EventType "team-tourn"]
[EventRounds "11"]
[EventCountry "HUN"]
[SourceTitle "EXT 2013"]
[Source "ChessBase"]
[SourceDate "2012.11.22"]
[SourceVersion "1"]
[SourceVersionDate "2012.11.22"]
[SourceQuality "1"]
[WhiteTeam "Kazincbarcika"]
[BlackTeam "Hajduszoboszlo"]
[WhiteTeamCountry "HUN"]
[BlackTeamCountry "HUN"]

1. c4 e6 2. d4 d5 3. Nf3 Nf6 4. e3 c6 5. Nc3 Nbd7 6. Qc2 Bd6 7. Be2 0-0 8. 0-0 Qe7 9. b3 b6 10. Bb2 Bb7 11. e4 dxe4 12. Nxe4 Nxe4 13. Qxe4 f5 14. Qd3 Rad8 15. Rad1 c5 16. Rfe1 cxd4 17. Nxd4 Be4 18. Qh3 Rf6 19. Nb5 Rh6 20. Qxh6 gxh6 21. Nxd6 Nc5 22. Be5 Qg5 23. Nxe4 Rxd1 24. Rxd1 fxe4 25. Bd4 Nd3 26. Be3 Qg6 27. Bf1 e5 28. g3 h5 29. h4 Qf5 1/2-1/2

[Event "HUN-chT2 Maroczy 1112"]
[Site "Hungary"]
[Date "2012.03.11"]
[Round "7"]
[White "Jesenski, Tibor"]
[Black "Baranyai, Szabolcs Jr"]
[Result "1/2-1/2"]
[WhiteElo "2324"]
[BlackElo "2256"]
[PlyCount "36"]
[EventDate "2011.09.25"]
[EventType "team-tourn"]
[EventRounds "11"]
[EventCountry "HUN"]
[SourceTitle "EXT 2013"]
[Source "ChessBase"]
[SourceDate "2012.11.22"]
[SourceVersion "1"]
[SourceVersionDate "2012.11.22"]
[SourceQuality "1"]
[WhiteTeam "Roszke"]
[BlackTeam "Hajduszoboszlo"]
[WhiteTeamCountry "HUN"]
[BlackTeamCountry "HUN"]

1. d4 d5 2. Nf3 Nf6 3. c4 c6 4. e3 e6 5. Nbd2 Nbd7 6. b3 Bd6 7. Bb2 Qc7 8. Bd3 0-0 9. 0-0 Re8 10. c5 Bf8 11. b4 b6 12. a3 h6 13. Rc1 bxc5 14. bxc5 e5 15. Nxe5 Nxe5 16. dxe5 Nd7 17. e6 Rxe6 18. Nb3 Ne5 1/2-1/2

[Event "Budapest-chT1 Lilienthal 1011"]
[Site "Budapest"]
[Date "2010.10.03"]
[Round "2"]
[White "Csapo, Zoltan"]
[Black "Baranyai, Szabolcs Jr"]
[Result "1/2-1/2"]
[WhiteElo "2129"]
[BlackElo "2286"]
[PlyCount "24"]
[EventDate "2010.09.19"]
[EventType "team-tourn"]
[EventRounds "11"]
[EventCountry "HUN"]
[SourceTitle "EXT 2020"]
[Source "ChessBase"]
[SourceDate "2019.10.17"]
[SourceVersion "1"]
[SourceVersionDate "2019.10.17"]
[SourceQuality "1"]
[WhiteTeam "Vizugy II"]
[BlackTeam "Fabulon"]
[WhiteTeamCountry "HUN"]
[BlackTeamCountry "HUN"]

1. e4 e6 2. g3 d5 3. exd5 exd5 4. Bg2 c6 5. d4 Bd6 6. Nf3 Bg4 7. 0-0 Ne7 8. Re1 0-0 9. c4 dxc4 10. Qc2 Nd7 11. Nbd2 Bf5 12. Qxc4 Nb6 1/2-1/2

[Event "HUN-chT2 Barcza 0910"]
[Site "Hungary"]
[Date "2010.04.18"]
[Round "10.3"]
[White "Bakk, Zoltan"]
[Black "Baranyai, Szabolcs Jr"]
[Result "0-1"]
[WhiteElo "2065"]
[BlackElo "2269"]
[PlyCount "84"]
[EventDate "2009.11.08"]
[EventType "team-tourn"]
[EventRounds "11"]
[EventCountry "HUN"]
[SourceTitle "EXT 2011"]
[Source "ChessBase"]
[SourceDate "2010.11.26"]
[SourceVersion "1"]
[SourceVersionDate "2010.11.26"]
[SourceQuality "1"]
[WhiteTeam "Piremon"]
[BlackTeam "HSSE"]
[WhiteTeamCountry "HUN"]
[BlackTeamCountry "HUN"]

1. d4 d5 2. Nf3 Nf6 3. c4 c6 4. e3 e6 5. Nbd2 Ne4 6. Nxe4 dxe4 7. Nd2 f5 8. f3 Bd6 9. g3 exf3 10. Qxf3 0-0 11. c5 Bc7 12. Bc4 Kh8 13. Nb3 e5 14. 0-0 Nd7 15. Bd2 e4 16. Qg2 Nf6 17. Nc1 Qe8 18. Ne2 Be6 19. b3 Nd5 20. Bxd5 Bxd5 21. Rf2 Qh5 22. Raf1 Rf7 23. Nf4 Bxf4 24. Rxf4 Raf8 25. Rh4 Qg5 26. Qh3 h6 27. Kh1 Kh7 28. Rhf4 Qg6 29. Qg2 Qe6 30. R4f2 g5 31. Qh3 Qg6 32. Qg2 Qh5 33. g4 fxg4 34. Rxf7+ Rxf7 35. Rg1 Rf4 36. Be1 Rf3 37. Bf2 g3 38. Bxg3 Rxe3 39. Qf2 Rf3 40. Qe2 e3 41. Rg2 Rf2 42. Qd3+ Qg6 0-1

[Event "HUN-chT2 Barcza 0910"]
[Site "Hungary"]
[Date "2010.04.11"]
[Round "9.3"]
[White "Baranyai, Szabolcs Jr"]
[Black "Korsos, Imre"]
[Result "1-0"]
[WhiteElo "2269"]
[BlackElo "2119"]
[PlyCount "57"]
[EventDate "2009.11.08"]
[EventType "team-tourn"]
[EventRounds "11"]
[EventCountry "HUN"]
[SourceTitle "EXT 2011"]
[Source "ChessBase"]
[SourceDate "2010.11.26"]
[SourceVersion "1"]
[SourceVersionDate "2010.11.26"]
[SourceQuality "1"]
[WhiteTeam "HSSE"]
[BlackTeam "Tiszavasvar"]
[WhiteTeamCountry "HUN"]
[BlackTeamCountry "HUN"]

1. e4 e6 2. d4 d5 3. Nd2 Nc6 4. Ngf3 Nf6 5. e5 Nd7 6. Bb5 a5 7. 0-0 Na7 8. Bd3 c5 9. c3 Nc6 10. Re1 Be7 11. Nf1 c4 12. Bc2 b5 13. Ng3 0-0 14. Nh5 Re8 15. g3 Nf8 16. h4 g6 17. Nf4 f6 18. exf6 Bxf6 19. Ne5 Qc7 20. Ng4 Bg7 21. Nxd5 exd5 22. Rxe8 Bxg4 23. Rxf8+ Rxf8 24. Qxg4 Qf7 25. Bf4 b4 26. Re1 Re8 27. Re3 Rxe3 28. Bxe3 Na7 29. Qg5 1-0

[Event "HUN-chT2 Barcza 0809"]
[Site "Hungary"]
[Date "2009.02.08"]
[Round "7.3"]
[White "Barabas, Tibor"]
[Black "Baranyai, Szabolcs Jr"]
[Result "0-1"]
[WhiteElo "2090"]
[BlackElo "2248"]
[PlyCount "90"]
[EventDate "2008.10.26"]
[EventType "team-tourn"]
[EventRounds "11"]
[EventCountry "HUN"]
[SourceTitle "EXT 2010"]
[Source "ChessBase"]
[SourceDate "2010.11.25"]
[SourceVersion "1"]
[SourceVersionDate "2010.11.25"]
[SourceQuality "1"]
[WhiteTeam "Mezokovesd"]
[BlackTeam "Hajduszoboszlo"]
[WhiteTeamCountry "HUN"]
[BlackTeamCountry "HUN"]

1. e4 e6 2. d4 d5 3. exd5 exd5 4. Bd3 Nc6 5. c3 Bd6 6. Ne2 Qh4 7. Nd2 Bg4 8. Nf1 Nge7 9. Qc2 0-0-0 10. Ne3 g6 11. h3 Be6 12. g3 Qf6 13. f4 h5 14. Bd2 h4 15. g4 Bxf4 16. Rf1 g5 17. Nf5 Bxd2+ 18. Qxd2 Nxf5 19. 0-0-0 Qh6 20. Bxf5 Rhf8 21. Rf2 Bxf5 22. Rxf5 f6 23. Rdf1 Ne7 24. R5f3 Rd6 25. Qe3 Qg6 26. Ng1 Kd7 27. Re1 Qf7 28. Qe2 c6 29. Re3 Ng6 30. Qd3 Nf4 31. Qf5+ Kd8 32. Nf3 Ng2 33. Nxg5 fxg5 34. Re8+ Rxe8 35. Qxf7 Rxe1+ 36. Kc2 Re7 37. Qg8+ Kc7 38. Qxg5 Rde6 39. Kb3 Kb6 40. c4 dxc4+ 41. Kb4 a6 42. d5 Re5 43. Qf6 Ne3 44. Qxh4 Nxd5+ 45. Kxc4 Re3 0-1

[Event "HUN-chT2 Barcza 0809"]
[Site "Hungary"]
[Date "2008.12.21"]
[Round "4.3"]
[White "Baranyai, Szabolcs Jr"]
[Black "Hajbok, Robert"]
[Result "1/2-1/2"]
[WhiteElo "2248"]
[BlackElo "2217"]
[PlyCount "41"]
[EventDate "2008.10.26"]
[EventType "team-tourn"]
[EventRounds "11"]
[EventCountry "HUN"]
[SourceTitle "EXT 2010"]
[Source "ChessBase"]
[SourceDate "2010.11.25"]
[SourceVersion "1"]
[SourceVersionDate "2010.11.25"]
[SourceQuality "1"]
[WhiteTeam "Hajduszoboszlo"]
[BlackTeam "Nyiregyhaza"]
[WhiteTeamCountry "HUN"]
[BlackTeamCountry "HUN"]

1. e4 c5 2. Nf3 d6 3. Bb5+ Nc6 4. 0-0 Bd7 5. c3 Nf6 6. Re1 g6 7. Bf1 Bg4 8. d3 e6 9. Bg5 Be7 10. Nbd2 0-0 11. h3 Bh5 12. Qc2 d5 13. a3 Rc8 14. Rac1 b5 15. Nh2 e5 16. Nhf3 Bxf3 17. Nxf3 d4 18. c4 Nd7 19. Bxe7 Qxe7 20. Nd2 Nb6 21. g3 1/2-1/2

[Event "HUN-chT2 Barcza 0708"]
[Site "Hungary"]
[Date "2008.04.27"]
[Round "10"]
[White "Berek, Geza"]
[Black "Baranyai, Szabolcs Jr"]
[Result "1/2-1/2"]
[WhiteElo "2116"]
[BlackElo "2285"]
[PlyCount "56"]
[EventDate "2007.10.14"]
[EventType "team"]
[EventRounds "11"]
[EventCountry "HUN"]
[SourceTitle "EXT 2009"]
[Source "ChessBase"]
[SourceDate "2008.11.26"]
[SourceVersion "1"]
[SourceVersionDate "2008.11.26"]
[SourceQuality "1"]
[WhiteTeam "Debrecen Betu"]
[BlackTeam "Hajduszoboszlo"]
[WhiteTeamCountry "HUN"]
[BlackTeamCountry "HUN"]

1. e4 e6 2. d4 d5 3. Nd2 Nf6 4. e5 Nfd7 5. Bd3 c5 6. c3 Nc6 7. Ne2 cxd4 8. cxd4 Qb6 9. Nf3 f6 10. exf6 Nxf6 11. 0-0 Bd6 12. b3 0-0 13. Bf4 Bxf4 14. Nxf4 Ne4 15. Ne2 Nd6 16. Rc1 Bd7 17. Qc2 Nf5 18. Qc5 Qxc5 19. Rxc5 b6 20. Rc3 Nb4 21. Bxf5 Rxf5 22. Ng3 Rf4 23. Rc7 Bb5 24. Re1 Rf7 25. Rxf7 Kxf7 26. Ne5+ Kg8 27. a4 Ba6 28. Rc1 Rc8 1/2-1/2